<?xml version="1.0" encoding="UTF-8"?>
<record
    xmlns:xsi="http://www.w3.org/2001/XMLSchema-instance"
    xsi:schemaLocation="http://www.loc.gov/MARC21/slim http://www.loc.gov/standards/marcxml/schema/MARC21slim.xsd"
    xmlns="http://www.loc.gov/MARC21/slim">

  <leader>01280nem0a2200301   4500</leader>
  <controlfield tag="001">RU\NLR\BIBL_A\022250707</controlfield>
  <controlfield tag="005">20260420010921.0</controlfield>
  <datafield tag="010" ind1=" " ind2=" ">
    <subfield code="a">978-5-6048348-4-8</subfield>
    <subfield code="9">500 &#x44D;&#x43A;&#x437;.</subfield>
  </datafield>
  <datafield tag="021" ind1=" " ind2=" ">
    <subfield code="a">RU</subfield>
    <subfield code="b">&#x41A;&#x41D;-&#x41F;-24-022721</subfield>
    <subfield code="9">&#x41A;&#x41D;-&#x41F;-24-2358</subfield>
  </datafield>
  <datafield tag="035" ind1=" " ind2=" ">
    <subfield code="a">(NLR Aleph) 022250707</subfield>
  </datafield>
  <datafield tag="090" ind1=" " ind2=" ">
    <subfield code="a">13659384</subfield>
    <subfield code="c">13659384</subfield>
  </datafield>
  <datafield tag="100" ind1=" " ind2=" ">
    <subfield code="a">20240613d2023    u  y0rusy50      ca</subfield>
  </datafield>
  <datafield tag="101" ind1="0" ind2=" ">
    <subfield code="a">rus</subfield>
  </datafield>
  <datafield tag="102" ind1=" " ind2=" ">
    <subfield code="a">RU</subfield>
  </datafield>
  <datafield tag="120" ind1=" " ind2=" ">
    <subfield code="a">bya    xx||  </subfield>
  </datafield>
  <datafield tag="123" ind1="3" ind2=" ">
    <subfield code="a">a</subfield>
    <subfield code="b">680000</subfield>
    <subfield code="c">27500</subfield>
  </datafield>
  <datafield tag="200" ind1="1" ind2=" ">
    <subfield code="a">&#x410;&#x442;&#x43B;&#x430;&#x441; &#x43D;&#x430;&#x440;&#x43E;&#x434;&#x43D;&#x44B;&#x445; &#x445;&#x443;&#x434;&#x43E;&#x436;&#x435;&#x441;&#x442;&#x432;&#x435;&#x43D;&#x43D;&#x44B;&#x445; &#x43F;&#x440;&#x43E;&#x43C;&#x44B;&#x441;&#x43B;&#x43E;&#x432; &#x438; &#x440;&#x435;&#x43C;&#x435;&#x441;&#x435;&#x43B; &#x42F;&#x440;&#x43E;&#x441;&#x43B;&#x430;&#x432;&#x441;&#x43A;&#x43E;&#x439; &#x43E;&#x431;&#x43B;&#x430;&#x441;&#x442;&#x438;</subfield>
    <subfield code="b">&#x41A;&#x430;&#x440;&#x442;&#x44B;</subfield>
    <subfield code="e">&#x420;&#x435;&#x434;. &#x41A;&#x430;&#x434;&#x44B;&#x440;&#x43E;&#x432; &#x422;.&#x41E;.</subfield>
  </datafield>
  <datafield tag="206" ind1=" " ind2=" ">
    <subfield code="a">&#x41C;-&#x431;&#x44B; &#x440;&#x430;&#x437;&#x43D;&#x44B;&#x435;</subfield>
  </datafield>
  <datafield tag="210" ind1=" " ind2=" ">
    <subfield code="a">&#x42F;&#x440;&#x43E;&#x441;&#x43B;&#x430;&#x432;&#x43B;&#x44C;</subfield>
    <subfield code="c">&#x410;&#x440;&#x442;&#x415;&#x43B;&#x44C; &#x421;&#x43E;&#x44E;&#x437; &#x43C;&#x430;&#x441;&#x442;&#x435;&#x440;&#x43E;&#x432;</subfield>
    <subfield code="d">2023</subfield>
  </datafield>
  <datafield tag="215" ind1=" " ind2=" ">
    <subfield code="a">1 &#x430;&#x442;&#x43B;. (44 &#x441;.)</subfield>
    <subfield code="c">&#x446;&#x432;., &#x442;&#x435;&#x43A;&#x441;&#x442;, &#x438;&#x43B;.</subfield>
    <subfield code="d">29&#x445;21 &#x441;&#x43C;</subfield>
  </datafield>
  <datafield tag="509" ind1="0" ind2="1">
    <subfield code="7">ca</subfield>
    <subfield code="a">&#x42F;&#x440;&#x43E;&#x441;&#x43B;&#x430;&#x432;&#x441;&#x43A;&#x430;&#x44F;</subfield>
    <subfield code="h">&#x43E;&#x431;&#x43B;&#x430;&#x441;&#x442;&#x44C;</subfield>
    <subfield code="9">2633332</subfield>
    <subfield code="3">RU\NLR\auth_crt\55150</subfield>
  </datafield>
  <datafield tag="606" ind1="1" ind2=" ">
    <subfield code="a">&#x41F;&#x440;&#x438;&#x43A;&#x43B;&#x430;&#x434;&#x43D;&#x43E;&#x435; &#x438;&#x441;&#x43A;&#x443;&#x441;&#x441;&#x442;&#x432;&#x43E; &#x440;&#x443;&#x441;&#x441;&#x43A;&#x43E;&#x435;</subfield>
    <subfield code="9">1237278</subfield>
    <subfield code="3">RU\NLR\auth\66505139</subfield>
  </datafield>
  <datafield tag="607" ind1=" " ind2=" ">
    <subfield code="a">&#x42F;&#x440;&#x43E;&#x441;&#x43B;&#x430;&#x432;&#x441;&#x43A;&#x430;&#x44F; &#x43E;&#x431;&#x43B;&#x430;&#x441;&#x442;&#x44C;</subfield>
    <subfield code="j">&#x41A;&#x430;&#x440;&#x442;&#x44B;</subfield>
    <subfield code="9">1078664</subfield>
    <subfield code="3">RU\NLR\AUTH\66421233</subfield>
  </datafield>
  <datafield tag="702" ind1=" " ind2="1">
    <subfield code="a">&#x41A;&#x430;&#x434;&#x44B;&#x440;&#x43E;&#x432;</subfield>
    <subfield code="b">&#x422;.&#x41E;.</subfield>
    <subfield code="g">&#x422;&#x438;&#x43C;&#x443;&#x440; &#x41E;&#x437;&#x43E;&#x434;&#x43E;&#x432;&#x438;&#x447;</subfield>
    <subfield code="4">340</subfield>
  </datafield>
  <datafield tag="852" ind1=" " ind2=" ">
    <subfield code="a">NLR</subfield>
    <subfield code="b">&#x41A;</subfield>
    <subfield code="j">4-&#x426;&#x442;&#x440; 6/2271</subfield>
    <subfield code="m">92738</subfield>
  </datafield>
  <datafield tag="942" ind1=" " ind2=" ">
    <subfield code="c">MAP</subfield>
  </datafield>
  <datafield tag="980" ind1=" " ind2=" ">
    <subfield code="a">NB</subfield>
  </datafield>
</record>
